| 000 | 00575nam a2200217Ia 4500 | ||
|---|---|---|---|
| 003 | OSt | ||
| 005 | 20230403150115.0 | ||
| 008 | 210423s2008 xx 000 0 und d | ||
| 020 | _a978-1-8468-4111-8 | ||
| 040 | _cAL | ||
| 041 | _aeng | ||
| 082 | _a823.912 SIMC | ||
| 100 |
_aSIMMONS (Allan) _982720 |
||
| 245 | _aConrads heart of darkness: a readers guide | ||
| 260 |
_aLondon _bContinuum internatiol publishing _c2008 |
||
| 300 |
_a132 _bPB |
||
| 365 |
_b125 _cINR |
||
| 650 |
_aEnglish Criticism _982721 |
||
| 906 | _aConrads ; darkness ; heart | ||
| 942 |
_2ddc _cBK |
||
| 999 |
_c158013 _d158013 |
||